00551nam a2200145 a 450000100100000000500170001000800410002704000250006824501290009326000320022230000200025404900090027495201050028399900170038800002969420200930055733.0110425s1990 ck 000 0 spa d aDO-SdBNPbspacBNPHU00aAsí cumplimos :bpalabra del señor presidente de la República Virgilio Barco en la intalación del Congreso Nacional. a[Bogotá] :b[s.n],c1990. a26 p. ;c24 cm. aBNPD 001050718MOaPDbPDcCTd2011-04-25iLF1l0o p29694-10r2020-06-25w2020-06-25y1ZNo se presta c29186d29186